000
00259nam a2200097Ia 4500
001
853814
005
20250826174540.0
008
250824s9999 xx 000 0 und d
245
0
_a
SENİ İÇİMDEN TERK EDİYORUM
_c
KAHRAMAN TAZEOĞLU
260
_b
DESTEK YAYINLARI
999
_c
853814
_d
853814